Industria y ciudades en la era de la mundialización, 1980-1991 : un enfoque socioespacial /

Sábháilte in:
Sonraí bibleagrafaíochta
Príomhchruthaitheoir: Cuervo González, Luis Mauricio
Rannpháirtithe: González Montoya, Luz Josefina
Formáid: Anaithnid
Teanga:Spanish
Foilsithe / Cruthaithe: Colombia: Colciencias, 1997
Eagrán:1. edición
Sraith:Ciudades y ciudadanía
Ábhair:
Clibeanna: Cuir clib leis
Níl clibeanna ann, Bí ar an gcéad duine le clib a chur leis an taifead seo!

MARC

LEADER 000000000a22000000004500
001 001060
008 170622s1997 ck ||||| |||| 00| 0 spa d
020 |a 9586017362 
040 |a CIICLA - UCR 
041 0 |a español 
082 |a 307.76  |b C965-i 
100 1 |a Cuervo González, Luis Mauricio 
245 1 0 |a Industria y ciudades en la era de la mundialización, 1980-1991 :   |b un enfoque socioespacial /  |c Luis Mauricio Cuervo González, Luz Josefina González Montoya 
250 |a 1. edición 
260 |a Colombia:   |b Colciencias,   |c 1997 
300 |a 467 páginas. 
490 1 |a Ciudades y ciudadanía 
500 |a Número de inscripción 12627 (George Yúdice) 
650 1 4 |a URBANIZACION 
650 1 4 |a ECONOMIA URBANA  |z COLOMBIA 
700 1 2 |a González Montoya, Luz Josefina 
942 |2 ddc  |c BK 
999 |c 2178  |d 2178